000 00607nam a22001817a 4500
005 20251108172517.0
008 250721s1995 xx 000 0 ara d
082 1 4 _a001.42/قاد
100 1 _aقادوس، صلاح السيد
245 1 0 _aأسس العلمية لمناهج البحث في العلوم التربوية و التربيةالبدنية /
264 1 _aالقاهرة :
_bدار المعارف،
_c1995.
300 _a482ص
650 1 7 _aالأبحاث
650 1 7 _aالأبحاث التربوية
650 1 7 _aالتربية البدنية
942 _2ddc
_cBK
999 _c81195
_d81195